00905nam a2200253 a 450000100060000000300080000600500170001400800410003102000150007203500190008704000300010604100080013608200230014410000310016724501110019826000340030930000200034350400280036365000420039170000510043394200120048499900170049695201380051333884BD-RjUL20211209052056.0140511s1975 fr b i000 0 eng  a9231012967 a(BD-RjUL)33976 aLCbengcLCdANLdBD-RjUL aeng04a384.0981bCAC 19751 aCamargo, Nelly de.910293810aCommunication policies in Brazil :ba study /ccarried out by Nelly de Camargo and Virgilio B. Noya Pinto. aParis :bUnesco Press,c1975. a80 p. ;c25 cm. aBibliography: p. 79-80. 0aCommunication policyzBrazil.91029391 aNoya Pinto, Virgilio B,ejoint author.9102940 2ddccBK c33884d33884 00102ddc40718NFICaRUCLbRUCLcReadingd1981-12-05eUNESCO, Gift.l0o384.0981 CAC 1975r2014-05-11 00:00:00tC-1w2014-05-11yBK